The school superintendent /

Bibliographic Details
Main Author: Griffiths, Daniel E., 1917-1999
Format: Book
Language:English
Published: New York : Center for Applied Research in Education, [1966]
Series:Library of education.
Subjects:

MARC

Tag First Indicator Second Indicator Subfields
LEADER 00000cam a22000001 4500
001 in00000084621
005 20151008053157.0
008 711012s1966 nyua b 00010 eng
010 |a  66020487  
035 |a (OCoLC)00187370 
035 |9 AAH6540AM 
040 |a DLC  |c DLC  |d TXA  |d UtOrBLW 
049 |a TXAM  |c [474801] 
050 0 0 |a LB2806  |b .G72 
082 0 |a 371.2011 
092 |a 371.2011  |b G855s, 1966 
100 1 |a Griffiths, Daniel E.,  |d 1917-1999. 
245 1 4 |a The school superintendent /  |c [by] Daniel E. Griffiths. 
264 1 |a New York :  |b Center for Applied Research in Education,  |c [1966] 
300 |a xi, 115 pages :  |b illustrations ;  |c 24 cm. 
336 |a text  |b txt  |2 rdacontent 
337 |a unmediated  |b n  |2 rdamedia 
338 |a volume  |b nc  |2 rdacarrier 
490 1 |a The Library of education 
504 |a Includes bibliographies. 
650 0 |a School superintendents. 
830 0 |a Library of education. 
999 |a MARS 
999 f f |s a1523f01-c8d2-302f-b654-baf12a88364a  |i e6f22865-5284-35a4-81fb-9df3e6364366  |t 0 
952 f f |p normal  |a Texas A&M University  |b College Station  |c Sterling C. Evans Library  |d Evans: Library Stacks  |t 0  |e LB2806 .G72  |h Library of Congress classification  |i unmediated -- volume  |m A14812492838 
998 f f |a LB2806 .G72  |t 0  |l Evans: Library Stacks